House/Garden/nation : space gender, and ethnicity in post colonial Latin American literatures by women /
Պահպանված է:
| Հիմնական հեղինակ: | |
|---|---|
| Այլ հեղինակներ: | |
| Ձևաչափ: | Անհայտ |
| Լեզու: | Spanish |
| Հրապարակվել է: |
Durham, North Carolina :
Duke University Press,
1994.
|
| Խորագրեր: | |
| Ցուցիչներ: |
Ավելացրեք ցուցիչ
Չկան պիտակներ, Եղեք առաջինը, ով նշում է այս գրառումը!
|
MARC
| LEADER | 000000000a22000000004500 | ||
|---|---|---|---|
| 001 | 008135 | ||
| 020 | |a 0822314509 | ||
| 041 | 0 | |a spa | |
| 082 | 0 | 4 | |a CA860.9 |b R696h Fotocopia |
| 100 | 1 | |a Rodríguez, Ileana | |
| 700 | 1 | |a Can, Roberto, |e traducción | |
| 245 | 1 | 0 | |a House/Garden/nation : |b space gender, and ethnicity in post colonial Latin American literatures by women / |c Ileana Rodríguez; traslated by Robert Can. |
| 260 | 1 | |a Durham, North Carolina : |b Duke University Press, |c 1994. | |
| 300 | |a xvi, 233 páginas | ||
| 500 | |a La biblioteca contiene dos ejempares, uno donado por George Yúdice | ||
| 650 | 4 | |a LITERATURA CARIBEÑA | |
| 650 | 4 | |a MUJERES COMO AUTORAS | |
| 650 | 4 | |a HISTORIA Y CRITICA | |
| 650 | 4 | |a SIGLO XX | |
| 650 | 4 | |a FEMINISMO Y LITERATURA | |
| 650 | 4 | |a CARIBE | |
| 650 | 4 | |a ETNOLOGIA | |
| 650 | 4 | |a AMERICA EN LA LITERATURA | |
| 999 | |c 13739 |d 13739 | ||
| 942 | |c BK |h CA860.9 R696h Fotocopia |2 z | ||



